<?xml version="1.0" encoding="UTF-8"?>
<record
    xmlns:xsi="http://www.w3.org/2001/XMLSchema-instance"
    xsi:schemaLocation="http://www.loc.gov/MARC21/slim http://www.loc.gov/standards/marcxml/schema/MARC21slim.xsd"
    xmlns="http://www.loc.gov/MARC21/slim">

  <leader>00606nam a2200133Ia 4500</leader>
  <controlfield tag="008">171212s9999    xx            000 0 und d</controlfield>
  <datafield tag="020" ind1=" " ind2=" ">
    <subfield code="a">9780833037626</subfield>
  </datafield>
  <datafield tag="100" ind1=" " ind2=" ">
    <subfield code="a">Wolf, Charles Jr.;Akramov, Kamiljon T.</subfield>
  </datafield>
  <datafield tag="245" ind1=" " ind2=" ">
    <subfield code="c">Wolf, Charles Jr.;Akramov, Kamiljon T.</subfield>
    <subfield code="a">North Korean Paradoxes</subfield>
    <subfield code="b">Circumstances, Costs, and Consequences of Korean Unification</subfield>
  </datafield>
  <datafield tag="260" ind1=" " ind2=" ">
    <subfield code="b">RAND Corporation</subfield>
    <subfield code="c">2005</subfield>
  </datafield>
  <datafield tag="650" ind1=" " ind2=" ">
    <subfield code="a">History</subfield>
  </datafield>
  <datafield tag="650" ind1=" " ind2=" ">
    <subfield code="a">Korean reunification question(1945- ); Korea(North) -- Economic policy; Korea(North) -- Politics and government; Security, International</subfield>
  </datafield>
  <datafield tag="856" ind1=" " ind2=" ">
    <subfield code="u">www.jstor.org/stable/10.7249/mg333osd</subfield>
  </datafield>
  <datafield tag="999" ind1=" " ind2=" ">
    <subfield code="c">352368</subfield>
    <subfield code="d">352368</subfield>
  </datafield>
  <datafield tag="952" ind1=" " ind2=" ">
    <subfield code="0">0</subfield>
    <subfield code="1">0</subfield>
    <subfield code="4">0</subfield>
    <subfield code="a">CL</subfield>
    <subfield code="b">CL</subfield>
    <subfield code="d">2017-12-12</subfield>
    <subfield code="l">0</subfield>
    <subfield code="o">DS917.444.W65 2005</subfield>
    <subfield code="r">2017-12-12 00:00:00</subfield>
    <subfield code="w">2017-12-12</subfield>
    <subfield code="y">CBE</subfield>
  </datafield>
</record>
